<?xml version="1.0" encoding="UTF-8"?>
<record
    xmlns:xsi="http://www.w3.org/2001/XMLSchema-instance"
    xsi:schemaLocation="http://www.loc.gov/MARC21/slim http://www.loc.gov/standards/marcxml/schema/MARC21slim.xsd"
    xmlns="http://www.loc.gov/MARC21/slim">

  <leader>01644mam a2200397 a 4500</leader>
  <controlfield tag="001">3365008</controlfield>
  <controlfield tag="005">20220326193302.0</controlfield>
  <controlfield tag="008">010328s2000    sp a     bc   000 0 spa d</controlfield>
  <datafield tag="020" ind1=" " ind2=" ">
    <subfield code="a">8480269685</subfield>
  </datafield>
  <datafield tag="035" ind1=" " ind2=" ">
    <subfield code="a">(OCoLC)ocm46658405</subfield>
  </datafield>
  <datafield tag="035" ind1=" " ind2=" ">
    <subfield code="a">(NNC)3365008</subfield>
  </datafield>
  <datafield tag="040" ind1=" " ind2=" ">
    <subfield code="a">PL#</subfield>
    <subfield code="c">PL#</subfield>
    <subfield code="d">OCL</subfield>
    <subfield code="d">CLU</subfield>
    <subfield code="d">NNC</subfield>
  </datafield>
  <datafield tag="041" ind1="0" ind2=" ">
    <subfield code="a">spapor</subfield>
  </datafield>
  <datafield tag="082" ind1=" " ind2=" ">
    <subfield code="a">708</subfield>
    <subfield code="b">M986fr</subfield>
  </datafield>
  <datafield tag="090" ind1=" " ind2=" ">
    <subfield code="a">N6502</subfield>
    <subfield code="b">.F75 2000</subfield>
  </datafield>
  <datafield tag="110" ind1=" " ind2=" ">
    <subfield code="a">Museo Nacional Centro de Arte Reina Sofia</subfield>
    <subfield code="9">1491</subfield>
  </datafield>
  <datafield tag="245" ind1="0" ind2="0">
    <subfield code="a">F[r]icciones :</subfield>
    <subfield code="b">Museo Nacional Centro de Arte Reina Sof&#xED;a, 12/XII/00-26/III/01 /</subfield>
    <subfield code="c">[cat&#xE1;logo concepto y edici&#xF3;n, Ivo Mesquita, Adriano Pedrosa].</subfield>
  </datafield>
  <datafield tag="246" ind1="3" ind2=" ">
    <subfield code="a">Fricciones</subfield>
  </datafield>
  <datafield tag="250" ind1=" " ind2=" ">
    <subfield code="a">1. ed.</subfield>
  </datafield>
  <datafield tag="260" ind1=" " ind2=" ">
    <subfield code="a">[Madrid] :</subfield>
    <subfield code="b">Museo Nacional Centro de Arte Reina Sof&#xED;a :</subfield>
    <subfield code="b">Versiones del Sur,</subfield>
    <subfield code="c">[2000]</subfield>
  </datafield>
  <datafield tag="300" ind1=" " ind2=" ">
    <subfield code="a">255 p. :</subfield>
    <subfield code="b">ill. (chiefly col.) ;</subfield>
    <subfield code="c">28 cm.</subfield>
  </datafield>
  <datafield tag="500" ind1=" " ind2=" ">
    <subfield code="a">Between December 12, 2000 and March 26, 2001, the Museo Nacional Centro de Arte Reina Sof&#xED;a in Madrid presented 5 exhibitions on diverse aspects of the arts of Latin America collectively called "Versiones del Sur".</subfield>
  </datafield>
  <datafield tag="500" ind1=" " ind2=" ">
    <subfield code="a">Some ill. are mounted.</subfield>
  </datafield>
  <datafield tag="504" ind1=" " ind2=" ">
    <subfield code="a">Includes bibliographical references (p. 252-253).</subfield>
  </datafield>
  <datafield tag="546" ind1=" " ind2=" ">
    <subfield code="a">Spanish with some text in Portuguese</subfield>
  </datafield>
  <datafield tag="600" ind1="1" ind2="0">
    <subfield code="a">Borges, Jorge Luis,</subfield>
    <subfield code="d">1899-1986.</subfield>
    <subfield code="t">Ficciones.</subfield>
    <subfield code="9">1492</subfield>
  </datafield>
  <datafield tag="650" ind1=" " ind2="0">
    <subfield code="a">Art, Latin American</subfield>
    <subfield code="v">Exhibitions.</subfield>
    <subfield code="9">756</subfield>
  </datafield>
  <datafield tag="650" ind1=" " ind2="0">
    <subfield code="a">Art and history</subfield>
    <subfield code="v">Exhibitions.</subfield>
    <subfield code="9">1493</subfield>
  </datafield>
  <datafield tag="653" ind1=" " ind2=" ">
    <subfield code="a">Pintura</subfield>
    <subfield code="a">Exposiciones.</subfield>
  </datafield>
  <datafield tag="653" ind1=" " ind2=" ">
    <subfield code="a">Escultura</subfield>
    <subfield code="a">Exposiciones.</subfield>
  </datafield>
  <datafield tag="700" ind1="1" ind2=" ">
    <subfield code="a">Mesquita, Ivo.</subfield>
    <subfield code="9">1494</subfield>
  </datafield>
  <datafield tag="700" ind1="1" ind2=" ">
    <subfield code="a">Pedrosa, Adriano.</subfield>
    <subfield code="9">1495</subfield>
  </datafield>
  <datafield tag="710" ind1="2" ind2=" ">
    <subfield code="a">Museo Nacional Centro de Arte Reina Sof&#xED;a.</subfield>
    <subfield code="9">1491</subfield>
  </datafield>
  <datafield tag="740" ind1="0" ind2=" ">
    <subfield code="a">Versiones del Sur.</subfield>
  </datafield>
  <datafield tag="999" ind1=" " ind2=" ">
    <subfield code="c">316</subfield>
    <subfield code="d">316</subfield>
  </datafield>
  <datafield tag="952" ind1=" " ind2=" ">
    <subfield code="0">0</subfield>
    <subfield code="1">0</subfield>
    <subfield code="2">ddc</subfield>
    <subfield code="4">0</subfield>
    <subfield code="7">0</subfield>
    <subfield code="a">LV</subfield>
    <subfield code="b">LV</subfield>
    <subfield code="c">Pensamiento</subfield>
    <subfield code="d">2014-10-31</subfield>
    <subfield code="l">0</subfield>
    <subfield code="o">708 M986fr</subfield>
    <subfield code="p">000358</subfield>
    <subfield code="r">2014-10-31 00:00:00</subfield>
    <subfield code="w">2014-10-31</subfield>
    <subfield code="y">01</subfield>
  </datafield>
</record>
